| 000 | 00500nam a2200169Ia 4500 | ||
|---|---|---|---|
| 008 | 160319s9999 xx 000 0 und d | ||
| 245 | _aBata, bata-- paano ka ginawa? [videorecording] / | ||
| 245 | _cwritten by Lualhati Bautista. | ||
| 260 | _aManila : | ||
| 260 | _bStar Cinema Productions. | ||
| 260 | _c1999 | ||
| 300 | _a1 videocassette (105 min.) : | ||
| 300 | _bsound, color ; | ||
| 300 | _c1/2 in. | ||
| 650 | _aFeature films. | ||
| 700 | _aStar Cinema Productions, Inc., corporate. | ||
| 999 |
_c292419 _d292419 |
||